Flag Symbols - Statistics

General Stats
  • This quiz has been taken 484 times
    147 since last reset
  • The average score is 56 of 82
Answer Stats
Picture Answer % Correct
Cyprus
97%
Canada
87%
Israel
86%
South Korea
86%
Kenya
84%
Sri Lanka
84%
Brazil
83%
Barbados
82%
Lebanon
82%
Paraguay
82%
Albania
81%
Argentina
81%
Cambodia
81%
Portugal
80%
Slovakia
80%
Bhutan
78%
Croatia
78%
El Salvador
78%
Iraq
78%
Nicaragua
78%
Uganda
77%
Vatican City
77%
India
76%
Morocco
76%
Spain
76%
Mexico
75%
Serbia
75%
Uruguay
75%
Slovenia
74%
Tunisia
74%
Ecuador
73%
Iran
73%
Saint Lucia
73%
China
72%
Egypt
72%
eSwatini
72%
Malta
72%
Ethiopia
71%
Mongolia
71%
Dominican Republic
70%
Liechtenstein
69%
Angola
68%
Haiti
68%
Kazakhstan
68%
Kyrgyzstan
68%
Andorra
67%
Malawi
67%
Montenegro
67%
Saint Vincent and the Grenadines
67%
Papua New Guinea
66%
San Marino
66%
Dominica
65%
Lesotho
65%
Mozambique
65%
Palau
65%
Philippines
65%
Honduras
64%
Tonga
64%
Belize
63%
Tajikistan
63%
Mauritania
62%
Fiji
59%
Guatemala
59%
North Korea
59%
Zambia
58%
Tuvalu
57%
Brunei
56%
Kiribati
56%
Eritrea
55%
Malaysia
54%
Algeria
53%
Georgia
53%
Moldova
53%
Niger
53%
Equatorial Guinea
51%
Zimbabwe
48%
Antigua and Barbuda
47%
Vanuatu
46%
Cape Verde
44%
Oman
41%
Namibia
38%
Grenada
18%
No matching quizzes found
Score Distribution
Percent of People with Each Score
Percentile by Number Answered
Your Score History
You have not taken this quiz since the last reset